000
00328nam a2200145Ia 4500
008
230917s9999||||xx |||||||||||||| ||und||
040
_e
56014
_a
MAIN
041
_a
English
082
_a
823.7 D555F:D
100
_a
Flint, Kate
245
0
_a
Dickens
260
_a
Sussex
_b
Harvester
_c
1986
300
_a
xi, 158 p.
942
_c
BK
999
_c
57513
_d
57513